000 01636nam a2200505 i 4500
001 40031
003 KOSZ 005
005 20220719102450.0
008 010814s2001 pl |001 0 pol
015 _aUWD 2001/13054
020 _a8373340076
035 _a991016602619705066
035 _a(PL-WaBN)b14478560-48omnis_nlop
035 _ab14478560
035 _a(OCoLC)297653705
035 _axx001203639
035 _a(PL)b0000001447856
035 _a(EXLNZ-48OMNIS_NETWORK)9910367387105606
040 _aWA N
_cWA N
_dKOSZ 005/HR
041 0 _apol
045 2 _bd2001
046 _k2001
080 _a346.54(438)
100 1 _aNowińska, Ewa
_d(1948- )
_eAutor
245 1 0 _aKomentarz do ustawy o zwalczaniu nieuczciwej konkurencji /
_cEwa Nowińska, Michał du Vall.
250 _aStan prawny na dzień 1 lipca 2001 r.
260 _aWarszawa :
_bWydaw. Prawnicze,
_c2001.
300 _a259, [1] s. ;
_c21 cm.
336 _aTekst
_btxt
_2rdacontent
337 _aBez urządzenia pośredniczącego
_bn
_2rdamedia
338 _aWolumin
_bnc
_2rdacarrier
380 _aKsiążki
388 _a2001-
504 _aBibliogr. - Indeks.
648 7 _a2001-
650 7 _aNieuczciwa konkurencja
_2DBN
650 7 _aPrawo konkurencji
651 7 _aPolska
658 _aGospodarka, ekonomia, finanse
700 1 _aVall, Michał du
_d(1952-2012)
_eAutor
710 2 _aWydawnictwo Prawnicze
_4pbl
856 _uhttp://koha.tu.koszalin.pl/cgi-bin/koha/opac-detail.pl?biblionumber=40031
_yKatalog online BPK
942 _2UKD
_cKS
999 _c40031
_d40031